000 00366nam a22001577a 4500
003 OSt
008 250212b |||||||| |||| 00| 0 eng d
020 _a9788131733097
082 _a004
_bGOC
100 _aGOEL, Anita
245 _aComputer Fundamentals
260 _aChennai, Indian,
_bPearson:
_c2010.
300 _axx,546p.
650 _aBCA
942 _2ddc
_cBK
999 _c13086
_d13086